|
|
|
|
| LEADER |
00000nam0a2200000 4500 |
| 001 |
303186 |
| 005 |
20231102001558.0 |
| 035 |
|
|
|a (RuTPU)RU\TPU\book\328407
|
| 090 |
|
|
|a 303186
|
| 100 |
|
|
|a 20150901d1964 km y0rusy50 ca
|
| 101 |
0 |
|
|a rus
|
| 102 |
|
|
|a RU
|
| 105 |
|
|
|a a g 001zy
|
| 200 |
1 |
|
|a Справочник по электрическим кабелям и проводам
|f Е. И. Гарлинская
|
| 210 |
|
|
|a Москва
|c Высшая школа
|d 1964
|
| 215 |
|
|
|a 200 с.
|c ил.
|
| 320 |
|
|
|a Алфавитно-предметный указатель: с. 197-198.
|
| 606 |
1 |
|
|a Кабели
|2 stltpush
|3 (RuTPU)RU\TPU\subj\13330
|9 39949
|
| 606 |
1 |
|
|a Электрические провода
|2 stltpush
|3 (RuTPU)RU\TPU\subj\27331
|9 51106
|
| 610 |
1 |
|
|a кабели с бумажной изоляцией
|
| 610 |
1 |
|
|a силовые кабели
|
| 610 |
1 |
|
|a резиновая изоляция
|
| 610 |
1 |
|
|a контрольные кабели
|
| 610 |
1 |
|
|a специальные кабели
|
| 610 |
1 |
|
|a неизолированные провода
|
| 610 |
1 |
|
|a шнуры
|
| 610 |
1 |
|
|a электрические нагрузки
|
| 610 |
1 |
|
|a испытания
|
| 610 |
1 |
|
|a справочники
|
| 675 |
|
|
|a 621.315.2(035)
|v 3
|
| 675 |
|
|
|a 621.315.3(035)
|v 3
|
| 700 |
|
1 |
|a Гарлинская
|b Е. И.
|g Евгения Ильинична
|
| 801 |
|
1 |
|a RU
|b 63413507
|c 20150901
|
| 801 |
|
2 |
|a RU
|b 63413507
|c 20190128
|g RCR
|
| 942 |
|
|
|c BK
|